logo

Bir Sreshtho Munshi Abdur Rouf Library
Jhenaidah Cadet College

নিতু আর তার বন্ধুরা / (Record no. 10259)

MARC details
000 -LEADER
fixed length control field 04597nam a2200253 a 4500
001 - CONTROL NUMBER
JCCL Control Number 10259
003 - CONTROL NUMBER IDENTIFIER
JCCL marc code BD-JhCC
005 - DATE AND TIME OF LATEST TRANSACTION
control field 20200402134008.0
008 - FIXED-LENGTH DATA ELEMENTS--GENERAL INFORMATION
fixed length control field 171001s1999 bg |||| ||a| 000 f ben d
020 ## - INTERNATIONAL STANDARD BOOK NUMBER
International Standard Book Number 9847015201654
035 ## - SYSTEM CONTROL NUMBER
system control number (BD-JhCC)10259
040 ## - CATALOGING SOURCE
Original cataloging agency BD-JhCC
Modifying agency BD-JhCC
041 ## - LANGUAGE CODE
Language code of Book ben
082 ## - DEWEY DECIMAL CLASSIFICATION NUMBER
Classification number 891.4435
Author mark and Year IQB 1999
100 ## - MAIN ENTRY--PERSONAL NAME
Personal name ইকবাল, মুহম্মদ জাফর
245 ## - TITLE STATEMENT
Title নিতু আর তার বন্ধুরা /
Statement of responsibility, etc মুহম্মদ জাফর ইকবাল
260 ## - PUBLICATION, DISTRIBUTION, ETC. (IMPRINT)
Place of publication, distribution, etc ঢাকা :
Name of publisher, distributor, etc অনুপম প্রকাশনী,
Date of publication, distribution, etc 1999.
300 ## - PHYSICAL DESCRIPTION
Pagination 111 p. ;
Dimensions 22 cm.
526 ## - STUDY PROGRAM INFORMATION NOTE
Requested Dept. মুহম্মদ জাফর ইকবাল :<br/>মুহম্মদ জাফর ইকবাল (জন্মঃ ২৩ ডিসেম্বর ১৯৫২) হলেন একজন বাংলাদেশী লেখক, পদার্থবিদ ও শিক্ষাবিদ।তার পিতা মুক্তিযোদ্ধা শহীদ ফয়জুর রহমান আহমদ এবং মা আয়েশা আখতার খাতুন। বাবা ফয়জুর রহমান আহমদের পুলিশের চাকরির সুবাদে তার ছোটবেলা কেটেছে বাংলাদেশের বিভিন্ন জায়গায়। মুহম্মদ জাফর ইকবালের নাম আগে ছিল বাবুল। তাকে বাংলাদেশে বৈজ্ঞানিক কল্পকাহিনী লেখা ও জনপ্রিয়করণের পথিকৃত হিসাবে গণ্য করা হয়। এছাড়াও তিনি একজন জনপ্রিয় শিশুসাহিত্যিক এবং কলাম-লেখক। মুহম্মদ জাফর ইকবালের লেখা বেশ কয়েকটি উপন্যাস চলচ্চিত্রে রূপায়িত হয়েছে।জাফর ইকবাল ১৯৬৮ সালে বগুড়া জিলা স্কুল থেকে এসএসসি এবং ১৯৭০ সালে ঢাকা কলেজ থেকে এইচএসসি পাশ করেন। তিনি ১৯৭২ সালে ঢাকা বিশ্ববিদ্যালয়ের পদার্থবিজ্ঞান বিভাগে ভর্তি হন। ১৯৭৬ সালে তিনি যুক্তরাষ্ট্রের ওয়াশিংটন বিশ্ববিদ্যালয়ে পড়তে যান। তাঁর বিষয় ছিল - 'Parity violation in Hydrogen Atom. সেখানে পিএইচডি করার পর বিখ্যাত ক্যালটেক থেকে তার ডক্টরেট-উত্তর গবেষণা সম্পন্ন করেন। তিনি বর্তমানে শাহজালাল বিজ্ঞান ও প্রযুক্তি বিশ্ববিদ্যালয়ে কম্পিউটার বিজ্ঞান ও প্রকৌশল বিভাগের একজন অধ্যাপক এবং তড়িৎ কৌশল বিভাগের প্রধান।বাংলাদেশ গণিত অলিম্পিয়াড গড়ে তোলার পিছনে তাঁর অসামান্য অবদান রয়েছে। গণিত শিক্ষার উপর তিনি ও অধ্যাপক মোহাম্মদ কায়কোবাদ বেশ কয়েকটি বই রচনা করেছেন। এর মাঝে "নিউরনে অনুরণন" ও "নিউরনে আবারো অনুরণন" বই দুটি গনিতে আগ্রহীদের কাছে খুব জনপ্রিয়তা লাভ করেছে। বাংলাদেশের অত্যন্ত জনপ্রিয় ঔপন্যাসিক হুমায়ূন আহমেদ তার বড় ভাই এবং রম্য ম্যাগাজিন উন্মাদের সম্পাদক ও কার্টুনিস্ট, সাহিত্যিক আহসান হাবীব তার ছোট ভাই।
650 ## - SUBJECT ADDED ENTRY--TOPICAL TERM
Topical term or geographic name as entry element Short Stories
650 ## - SUBJECT ADDED ENTRY--TOPICAL TERM
Topical term or geographic name as entry element Adventure Stories
942 ## - ADDED ENTRY ELEMENTS (KOHA)
Source of classification or shelving scheme Dewey Decimal Classification
Koha item type Books
Koha issues (borrowed), all copies 2
Holdings
Source of classification or shelving scheme Damaged status Not for loan Home library Current library Shelving location Date of accession Cost, normal purchase price Total Checkouts Full call number Barcode Date last seen Date checked out Copy number Koha item type
Dewey Decimal Classification     JCC Rouf Library JCC Rouf Library General Stacks 04/22/2018 120.00 6 891.4435 IQB 1999 13490 02/23/2025 02/20/2025 C-1 Books

JCC Library | Contacts | JCC Home

Last Update on 23 September 2017
Copyright @ 2017-2020 JCC Rouf Library
Rouf Library, Jhenidah Cadet College (JCC), Bangladesh